000 00604nam a2200217Ii 4500
003 JO-AjNU
008 230606s9999||||xx |||||||||||||| ||und||
020 _a81-37-1628-1
040 _aJO-AjNU
_beng
_erda
_cJO-AjNU
041 _aeng
050 1 4 _aQA103.2008
100 3 _aKhattar,Dinesh,
_eauthor
_93823
245 0 0 _aObjective Arithmetic
250 _a2 ed
264 3 1 _aPearson Education International :new york,2009
300 _a594p
336 _atext
_btxt
_2rdacontent
337 _aunmediated
_bn
_2rdamedia
338 _avolume
_bnc
_2rdacarrier
650 4 _aObjective Arithmetic
_93824
999 _aE1994
_c1994
_d1994